Slovo k systémom PPS (plánovania a riadenia výroby)
Pojem PPS (Production Planning System, Produktionsplanung und -Steurung) - označenie systémov plánovania a riadenia výroby. Vymedzenie rozsahu pôsobnosti systému PPS. Vhodnosť systému PPS.
Gespeichert in:
| 1. Verfasser: | |
|---|---|
| Format: | Buchkapitel |
| Sprache: | Slowakisch |
| Schlagworte: | |
| Tags: |
Keine Tags, Fügen Sie das erste Tag hinzu!
|
MARC
| LEADER | 00000naa a2200000 4500 | ||
|---|---|---|---|
| 001 | r016954 | ||
| 005 | 20221208131048.6 | ||
| 041 | 0 | |a slo | |
| 044 | |a CZ | ||
| 245 | 1 | 0 | |a Slovo k systémom PPS (plánovania a riadenia výroby) |c Branislav Mičieta |
| 520 | |a Pojem PPS (Production Planning System, Produktionsplanung und -Steurung) - označenie systémov plánovania a riadenia výroby. Vymedzenie rozsahu pôsobnosti systému PPS. Vhodnosť systému PPS. | ||
| 610 | 2 | 0 | |a riadenie výroby |
| 610 | 2 | 0 | |a plánovanie výroby |
| 610 | 2 | 0 | |a PPS |
| 610 | 2 | 0 | |a pojmy |
| 610 | 2 | 0 | |a systémy plánovania automatizované |
| 610 | 2 | 0 | |a systémy výrobné automatizované |
| 100 | 1 | |a Mičieta, Branislav | |